Open Data Biblioteca Nacional de Portugal


República Portuguesa: Ministério da Cultura
Biblioteca Nacional de Portugal

Catálogo da BNP: acesso por Identificadores Unívocos
Registos Bibliográficos associados ao registo de autoridade

Etiqueta de registo: 00254nam 2200025 450
001 2287933
003 http://id.bnportugal.gov.pt/bib/catbnp/2287933
010 ## $a978-989-568-261-4
021 ## $aPT$b563257/26
100 ## $a20260616d2026 m y0pory01030103ba
101 1# $apor
102 ## $aPT
105 ## $ay z 000yy
106 ## $ar
200 1# $a ( Novo) fascismo$econtágio, comunidade, mito$fNidesh Lawtoo$gapresent. Mikkel Borch-Jacobsen$gtrad. Sara Belo
205 ## $a1ª ed
210 #9 $a[S.l.]$cDocumenta,$d2026
215 ## $a236 p.$d21 cm
700 #1 $aLawtoo,$bNidesh,$f1976-$32000663
702 #1 $aBorch-Jacobsen,$bMikkel,$f1951-$4450$31511034
702 #1 $aBelo,$bSara$4730$31394036
801 #0 $aPT$bBN$gRPC
966 ## $lBN$mFGMON$x1
966 ## $lBN$mFGMON$x1
971 ## $cisantos$d20260616

OpendataBNP@bnportugal.pt | Mais informação sobre acesso aos dados BNP